<?xml version="1.0" encoding="UTF-8"?>
<collection xmlns="http://www.loc.gov/MARC21/slim">
 <record>
  <leader>01516nam a22002297a 4500</leader>
  <controlfield tag="001">NCT_144335</controlfield>
  <controlfield tag="008">230131b        xxu||||| |||| 00| 0 vie d</controlfield>
  <datafield tag="999" ind1=" " ind2=" ">
   <subfield code="c">7431</subfield>
   <subfield code="d">7431</subfield>
  </datafield>
  <datafield tag="020" ind1=" " ind2=" ">
   <subfield code="c">45000</subfield>
  </datafield>
  <datafield tag="082" ind1="0" ind2="4">
   <subfield code="2">23rd ed.</subfield>
   <subfield code="a">004</subfield>
   <subfield code="b">Ch502K/T.2</subfield>
  </datafield>
  <datafield tag="245" ind1="0" ind2="0">
   <subfield code="a">Chuẩn kỹ năng công nghệ thông tin cơ bản :</subfield>
   <subfield code="b">Tài liệu ôn tập</subfield>
   <subfield code="n">Tập 2</subfield>
   <subfield code="p">Phần thi buổi chiều</subfield>
   <subfield code="c">Nguyễn Viết Huy (dịch),... ; Hồ Khánh Lâm (hiệu đính),...</subfield>
  </datafield>
  <datafield tag="260" ind1=" " ind2=" ">
   <subfield code="a">H.</subfield>
   <subfield code="b">Thông tin và truyền thông</subfield>
   <subfield code="c">2009</subfield>
  </datafield>
  <datafield tag="300" ind1=" " ind2=" ">
   <subfield code="a">194 tr.</subfield>
   <subfield code="b">Minh họa</subfield>
   <subfield code="c">27cm</subfield>
  </datafield>
  <datafield tag="520" ind1="3" ind2=" ">
   <subfield code="a">Cung cấp những kiến thức cơ bản, kĩ năng, các chỉ dẫn cùng các đề thi mẫu trong lĩnh vực công nghệ thông tin: khoa học máy tính, hệ thống máy tính, phát triển hệ thống, công nghệ mạng cơ sở dữ liệu, an ninh và chuẩn hoá, tin học hoá và quản lí cho các thí sinh tham gia thi sát hạch về công nghệ thông tin</subfield>
  </datafield>
  <datafield tag="653" ind1=" " ind2=" ">
   <subfield code="a">Công nghệ thông tin</subfield>
  </datafield>
  <datafield tag="700" ind1="1" ind2=" ">
   <subfield code="a">Nguyễn Viết Huy</subfield>
   <subfield code="e">Dịch</subfield>
  </datafield>
  <datafield tag="700" ind1="1" ind2=" ">
   <subfield code="a">Đỗ Thị Ngọc Quỳnh</subfield>
   <subfield code="e">Dịch</subfield>
  </datafield>
  <datafield tag="700" ind1="1" ind2=" ">
   <subfield code="a">Hồ Khánh Lâm</subfield>
   <subfield code="e">Hiệu đính</subfield>
  </datafield>
  <datafield tag="700" ind1="1" ind2=" ">
   <subfield code="a">Cao Kim Ánh</subfield>
   <subfield code="e">Hiệu đính</subfield>
  </datafield>
  <datafield tag="942" ind1=" " ind2=" ">
   <subfield code="2">ddc</subfield>
   <subfield code="c">BK</subfield>
  </datafield>
  <datafield tag="952" ind1=" " ind2=" ">
   <subfield code="0">0</subfield>
   <subfield code="1">0</subfield>
   <subfield code="2">ddc</subfield>
   <subfield code="4">0</subfield>
   <subfield code="6">004_000000000000000_CH502K_T_2</subfield>
   <subfield code="7">0</subfield>
   <subfield code="9">26725</subfield>
   <subfield code="a">000001</subfield>
   <subfield code="b">000001</subfield>
   <subfield code="d">2023-01-31</subfield>
   <subfield code="o">004 Ch502K/T.2</subfield>
   <subfield code="p">MD.21055</subfield>
   <subfield code="r">2023-01-31</subfield>
   <subfield code="v">45000.00</subfield>
   <subfield code="w">2023-01-31</subfield>
   <subfield code="y">BK</subfield>
  </datafield>
  <datafield tag="980" ind1=" " ind2=" ">
   <subfield code="a">Thư viện Trường Đại học Nam Cần Thơ</subfield>
  </datafield>
 </record>
</collection>
